000 00524nam a2200217Ia 4500
003 OSt
005 20220928140218.0
006 a|||||r|||| 00| 0
007 ta
008 220927b |||||||| |||| 00| 0 eng d
024 _a7664
037 _cTextual
040 _aSDCL
_cSDCL
_beng
041 _2eng
_aeng
082 _aD6,8(B),2.1'P, N8
100 _aLefkon Dick
_9494705
245 0 _aYear 2000
260 _c1998
942 _hD6,8(B),2.1'P, N8
_cTEXL
_2CC
999 _c810706
_d810706